000 00434pab a2200169 454500
008 180718b1999 xxu||||| |||| 00| 0 eng d
100 _aSwamy, T.L.N.
245 _aEmployment and manufacturing sector in India: some issues
260 _c1999
300 _ap.69-72
362 _aJan-Mar
650 _aManufacturing industry - India
650 _aEmployment - India
650 _aEmployment
773 _aMargin
909 _a45529
999 _c45529
_d45529